| 000 | 00565cam a2200193 i 4500 | ||
|---|---|---|---|
| 020 | _a9789381043066 (hbk.) | ||
| 020 | _a938104306X (hbk.) | ||
| 040 | _cUKMGB | ||
| 082 | 0 | 4 | _a323 HUM 2012 C282 Or. |
| 245 | 0 | 0 |
_aHuman rights : _bvoices of world's young activists / |
| 300 |
_axviii, 178 pages ; _c25 cm |
||
| 500 | _aContributed articles. | ||
| 650 | 0 | _aHuman rights. | |
| 700 | 1 | _aOmara-Otunnu, Amii, | |
| 700 | 1 | _aMobilia, Sergio, | |
| 700 | 1 | _aPurkayastha, Bandana, | |
| 856 | 4 | 1 | _uhttp://www.loc.gov/catdir/toc/fy13pdf06/2013316622.html |
| 942 | _cAEDBB | ||
| 999 |
_c21575 _d21575 |
||